| 000 | 00498nam a2200205Ia 4500 | ||
|---|---|---|---|
| 003 | GCL | ||
| 008 | 140319s9999 xx 000 0 eng d | ||
| 040 |
_aGCL / _cGCL |
||
| 082 | 0 | 4 |
_a910.01 _bG G |
| 100 | 1 | _aGODLEWSKA, ANNE | |
| 245 | 1 | 0 |
_aGEOGRAPHY AND EMPIRE / _cGODLEWSKA, ANNE |
| 700 | 1 | _aSMITH, NEIL | |
| 260 |
_a[S.N] : _bBLACK WELL ، _c1994 |
||
| 300 | _a404 P | ||
| 650 | 0 | 4 | _aCONGRESSES |
| 650 | 0 | 4 | _aPHILOSOPHY |
| 650 | 0 | 4 | _aGEOGRAPHY |
| 650 | 0 | 4 | _aIMPERIALISM |
| 942 |
_2ddc _cBK |
||
| 999 |
_c23980 _d23980 |
||